Statistics for NATO Members

Click here to take the quiz!

General Stats

  • This quiz has been taken 20 times
  • The average score is 26 of 30

Answers on the Map

Answers color-coded by a green-red scale on the quiz's map according to % correct below.
 

Answer Stats

Answer% Correct
Canada
100%
France
100%
Germany
100%
Italy
100%
Spain
100%
United States
100%
Belgium
95%
Iceland
95%
Poland
95%
Portugal
95%
United Kingdom
95%
Denmark
89%
Greece
89%
Hungary
89%
Netherlands
89%
Croatia
84%
Estonia
84%
Latvia
84%
Lithuania
84%
Luxembourg
84%
Norway
84%
Slovakia
84%
Slovenia
84%
Turkey
84%
Bulgaria
79%
Czech Republic
79%
North Macedonia
79%
Romania
79%
Albania
74%
Montenegro
63%

Score Distribution

Percentile by Number Answered

Percent of People with Each Score

Your Score History

You have not taken this quiz